A to Z Animals - Statistics

General Stats
  • This quiz has been taken 16 times
    6 since last reset
  • The average score is 23 of 26
Answer Stats
Picture Hint Answer % Correct
A Alligator
100%
D Dolphin
100%
E Elephant
100%
F Flamingo
100%
G Gorilla
100%
H Hippopotamus
100%
J Jaguar
100%
L Lion
100%
M Monkey
100%
O Octopus
100%
P Polar Bear/Penguin
100%
S Sloth/Snake
100%
T Tiger/Turtle/Tapir
100%
Z Zebra
100%
B Buffalo
83%
K Koala
83%
N Newt
83%
R Rhinoceros
83%
V Vulture
83%
W Walrus/Wolf
83%
Y Yeti
83%
C Capybara
67%
I Iguana
67%
U Urchin
67%
Q Quetzal
50%
X Xerus
33%
No matching quizzes found
Score Distribution
Percent of People with Each Score
Percentile by Number Answered
Your Score History
You have not taken this quiz since the last reset